Sports Quiz

Random Sports or Baseball Quiz

MLB Franchises, East to West Quiz Stats

 Plays Quiz Updated Jul 13, 2018

Support Sporcle.
Go Orange.
Score 0/30 Timer 05:00
19 Plays Today
Longitude Team Name % Correct
71' 06' WBoston Red Sox
98%
73' 55' WNew York Yankees
93.7%
73' 50' WNew York Mets
92.4%
75' 10' WPhiladelphia Phillies
85.9%
76' 37' WBaltimore Orioles
81.4%
77' 00' WWashington Nationals
79.2%
80' 14' WMiami Marlins
69.5%
80' 00' WPittsburgh Pirates
66.6%
79' 23' WToronto Blue Jays
64.1%
82' 39' WTampa Bay Rays
61.8%
122' 23' WSan Francisco Giants
60.9%
81' 41' WCleveland Indians
60.2%
122' 20' WSeattle Mariners
58.8%
87' 39' WChicago Cubs
58.4%
84' 23' WAtlanta Braves
58%
Longitude Team Name % Correct
118' 14' WLos Angeles Dodgers
57.9%
87' 38' WChicago White Sox
57.6%
117' 53' WLos Angeles Angels
56.7%
122' 12' WOakland Athletics
56.4%
112' 04' WArizona Diamondbacks
55.5%
104' 59' WColorado Rockies
55.4%
84' 30' WCincinnati Reds
55.1%
117' 09' WSan Diego Padres
54.8%
97' 05' WTexas Rangers
54.6%
90' 11' WSt. Louis Cardinals
53.9%
95' 21' WHouston Astros
53.8%
83' 03' WDetroit Tigers
52.8%
94' 29' WKansas City Royals
51.8%
93' 15' WMinnesota Twins
51.2%
87' 58' WMilwaukee Brewers
51.1%

You're not logged in!

Compare scores with friends on all Sporcle quizzes.
OR
Log In

From the Vault

Click the Band Members: Bee Gees

by NO_r_WAY

None of them are bees. We think.
Remove Ads.
Support Sporcle.
Get the best of Sporcle when you Go Orange. This ad-free experience offers more features, more stats, and more fun while also helping to support Sporcle. Thank you for becoming a member.

Show Comments

Extras

Top Quizzes Today


Score Distribution

Your Account Isn't Verified!

In order to create a playlist on Sporcle, you need to verify the email address you used during registration. Go to your Sporcle Settings to finish the process.

Report this User

Report this user for behavior that violates our Community Guidelines.

Details: